<?xml version="1.0" encoding="UTF-8"?>
<marc:record xmlns:marc="http://www.loc.gov/MARC21/slim" type="Bibliographic">
   <marc:leader>00000nam a2200000 c 4500</marc:leader>
   <marc:controlfield tag="001">952983435</marc:controlfield>
   <marc:controlfield tag="003">DE-101</marc:controlfield>
   <marc:controlfield tag="005">20171203041123.0</marc:controlfield>
   <marc:controlfield tag="007">tu</marc:controlfield>
   <marc:controlfield tag="008">980212s1997    au ||||| |||| 10||||ger  </marc:controlfield>
   <marc:datafield ind1=" " ind2=" " tag="015">
      <marc:subfield code="a">98,A13,1186</marc:subfield>
      <marc:subfield code="2">dnb</marc:subfield>
   </marc:datafield>
   <marc:datafield ind1="7" ind2=" " tag="016">
      <marc:subfield code="2">DE-101</marc:subfield>
      <marc:subfield code="a">952983435</marc:subfield>
   </marc:datafield>
   <marc:datafield ind1=" " ind2=" " tag="020">
      <marc:subfield code="a">9783854740193</marc:subfield>
      <marc:subfield code="c">Pp.</marc:subfield>
      <marc:subfield code="9">978-3-85474-019-3</marc:subfield>
   </marc:datafield>
   <marc:datafield ind1=" " ind2=" " tag="020">
      <marc:subfield code="a">3854740190</marc:subfield>
      <marc:subfield code="c">Pp.</marc:subfield>
      <marc:subfield code="9">3-85474-019-0</marc:subfield>
   </marc:datafield>
   <marc:datafield ind1=" " ind2=" " tag="020">
      <marc:subfield code="z">3854740190</marc:subfield>
      <marc:subfield code="c">Pp.</marc:subfield>
      <marc:subfield code="9">3-85474019-0</marc:subfield>
   </marc:datafield>
   <marc:datafield ind1=" " ind2=" " tag="035">
      <marc:subfield code="a">(DE-599)DNB952983435</marc:subfield>
   </marc:datafield>
   <marc:datafield ind1=" " ind2=" " tag="035">
      <marc:subfield code="a">(OCoLC)75883288</marc:subfield>
   </marc:datafield>
   <marc:datafield ind1=" " ind2=" " tag="040">
      <marc:subfield code="a">1140</marc:subfield>
      <marc:subfield code="b">ger</marc:subfield>
      <marc:subfield code="c">DE-101</marc:subfield>
      <marc:subfield code="d">9999</marc:subfield>
   </marc:datafield>
   <marc:datafield ind1=" " ind2=" " tag="041">
      <marc:subfield code="a">ger</marc:subfield>
   </marc:datafield>
   <marc:datafield ind1=" " ind2=" " tag="043">
      <marc:subfield code="c">XA-AT</marc:subfield>
      <marc:subfield code="c">XA-AT</marc:subfield>
   </marc:datafield>
   <marc:datafield ind1=" " ind2=" " tag="044">
      <marc:subfield code="c">XA-AT</marc:subfield>
   </marc:datafield>
   <marc:datafield ind1=" " ind2=" " tag="084">
      <marc:subfield code="a">46</marc:subfield>
      <marc:subfield code="a">03</marc:subfield>
      <marc:subfield code="a">700</marc:subfield>
      <marc:subfield code="a">730</marc:subfield>
      <marc:subfield code="a">740</marc:subfield>
      <marc:subfield code="a">750</marc:subfield>
      <marc:subfield code="a">760</marc:subfield>
      <marc:subfield code="q">DE-101</marc:subfield>
      <marc:subfield code="2">sdnb</marc:subfield>
   </marc:datafield>
   <marc:datafield ind1=" " ind2=" " tag="084">
      <marc:subfield code="a">13.4p</marc:subfield>
      <marc:subfield code="a">13.3</marc:subfield>
      <marc:subfield code="a">13.4p</marc:subfield>
      <marc:subfield code="a">13.6p</marc:subfield>
      <marc:subfield code="a">13.3</marc:subfield>
      <marc:subfield code="a">13.6</marc:subfield>
      <marc:subfield code="q">DE-101</marc:subfield>
      <marc:subfield code="2">sswd</marc:subfield>
   </marc:datafield>
   <marc:datafield ind1=" " ind2=" " tag="090">
      <marc:subfield code="a">b</marc:subfield>
   </marc:datafield>
   <marc:datafield ind1="0" ind2="0" tag="245">
      <marc:subfield code="a">Margret Bilger</marc:subfield>
      <marc:subfield code="b">das malerische Werk ; [erscheint anläßlich der Ausstellung "Margret Bilger - das Malerische Werk" in der Landesgalerie Oberösterreich vom 26. November bis 1. Februar 1998]</marc:subfield>
      <marc:subfield code="c">hrsg. von Peter Assmann und Melchior Frommel. [Land Oberösterreich/OÖ. Landesmuseum]</marc:subfield>
   </marc:datafield>
   <marc:datafield ind1=" " ind2="1" tag="264">
      <marc:subfield code="a">Weitra</marc:subfield>
      <marc:subfield code="b">Publ. P No 1, Bibliothek der Provinz</marc:subfield>
      <marc:subfield code="c">1997</marc:subfield>
   </marc:datafield>
   <marc:datafield ind1=" " ind2=" " tag="300">
      <marc:subfield code="a">347 S.</marc:subfield>
      <marc:subfield code="b">zahlr. Ill.</marc:subfield>
      <marc:subfield code="c">32 cm</marc:subfield>
   </marc:datafield>
   <marc:datafield ind1=" " ind2=" " tag="336">
      <marc:subfield code="a">Text</marc:subfield>
      <marc:subfield code="b">txt</marc:subfield>
      <marc:subfield code="2">rdacontent</marc:subfield>
   </marc:datafield>
   <marc:datafield ind1=" " ind2=" " tag="336">
      <marc:subfield code="a">unbewegtes Bild</marc:subfield>
      <marc:subfield code="b">sti</marc:subfield>
      <marc:subfield code="2">rdacontent</marc:subfield>
   </marc:datafield>
   <marc:datafield ind1=" " ind2=" " tag="337">
      <marc:subfield code="a">ohne Hilfsmittel zu benutzen</marc:subfield>
      <marc:subfield code="b">n</marc:subfield>
      <marc:subfield code="2">rdamedia</marc:subfield>
   </marc:datafield>
   <marc:datafield ind1=" " ind2=" " tag="338">
      <marc:subfield code="a">Band</marc:subfield>
      <marc:subfield code="b">nc</marc:subfield>
      <marc:subfield code="2">rdacarrier</marc:subfield>
   </marc:datafield>
   <marc:datafield ind1="1" ind2=" " tag="490">
      <marc:subfield code="a">Kataloge des OÖ. Landesmuseums</marc:subfield>
      <marc:subfield code="v">N.F., Nr. 122</marc:subfield>
   </marc:datafield>
   <marc:datafield ind1="1" ind2="7" tag="600">
      <marc:subfield code="0">(DE-588)118663216</marc:subfield>
      <marc:subfield code="0">http://d-nb.info/gnd/118663216</marc:subfield>
      <marc:subfield code="0">(DE-101)118663216</marc:subfield>
      <marc:subfield code="a">Bilger, Margret</marc:subfield>
      <marc:subfield code="d">1904-1971</marc:subfield>
      <marc:subfield code="2">gnd</marc:subfield>
   </marc:datafield>
   <marc:datafield ind1="1" ind2="7" tag="600">
      <marc:subfield code="0">(DE-588)118663216</marc:subfield>
      <marc:subfield code="0">http://d-nb.info/gnd/118663216</marc:subfield>
      <marc:subfield code="0">(DE-101)118663216</marc:subfield>
      <marc:subfield code="a">Bilger, Margret</marc:subfield>
      <marc:subfield code="d">1904-1971</marc:subfield>
      <marc:subfield code="2">gnd</marc:subfield>
   </marc:datafield>
   <marc:datafield ind1=" " ind2="7" tag="650">
      <marc:subfield code="0">(DE-588)4037220-0</marc:subfield>
      <marc:subfield code="0">http://d-nb.info/gnd/4037220-0</marc:subfield>
      <marc:subfield code="0">(DE-101)040372200</marc:subfield>
      <marc:subfield code="a">Malerei</marc:subfield>
      <marc:subfield code="2">gnd</marc:subfield>
   </marc:datafield>
   <marc:datafield ind1=" " ind2="7" tag="650">
      <marc:subfield code="0">(DE-588)4021177-0</marc:subfield>
      <marc:subfield code="0">http://d-nb.info/gnd/4021177-0</marc:subfield>
      <marc:subfield code="0">(DE-101)040211770</marc:subfield>
      <marc:subfield code="a">Glasmalerei</marc:subfield>
      <marc:subfield code="2">gnd</marc:subfield>
   </marc:datafield>
   <marc:datafield ind1=" " ind2="7" tag="655">
      <marc:subfield code="0">(DE-588)4135467-9</marc:subfield>
      <marc:subfield code="0">http://d-nb.info/gnd/4135467-9</marc:subfield>
      <marc:subfield code="0">(DE-101)041354672</marc:subfield>
      <marc:subfield code="a">Ausstellungskatalog</marc:subfield>
      <marc:subfield code="y">1998</marc:subfield>
      <marc:subfield code="z">Linz</marc:subfield>
      <marc:subfield code="2">gnd-content</marc:subfield>
   </marc:datafield>
   <marc:datafield ind1=" " ind2="7" tag="655">
      <marc:subfield code="0">(DE-588)4189680-4</marc:subfield>
      <marc:subfield code="0">http://d-nb.info/gnd/4189680-4</marc:subfield>
      <marc:subfield code="0">(DE-101)041896807</marc:subfield>
      <marc:subfield code="a">Werkverzeichnis</marc:subfield>
      <marc:subfield code="2">gnd-content</marc:subfield>
   </marc:datafield>
   <marc:datafield ind1=" " ind2="7" tag="655">
      <marc:subfield code="0">(DE-588)1071861417</marc:subfield>
      <marc:subfield code="0">http://d-nb.info/gnd/1071861417</marc:subfield>
      <marc:subfield code="0">(DE-101)1071861417</marc:subfield>
      <marc:subfield code="a">Konferenzschrift</marc:subfield>
      <marc:subfield code="2">gnd-content</marc:subfield>
   </marc:datafield>
   <marc:datafield ind1=" " ind2="7" tag="655">
      <marc:subfield code="a">Ausstellung</marc:subfield>
      <marc:subfield code="z">Linz &lt;1998&gt;</marc:subfield>
      <marc:subfield code="2">gnd</marc:subfield>
   </marc:datafield>
   <marc:datafield ind1=" " ind2="7" tag="655">
      <marc:subfield code="a">Werkverzeichnis</marc:subfield>
      <marc:subfield code="2">gnd</marc:subfield>
   </marc:datafield>
   <marc:datafield ind1="0" ind2="0" tag="689">
      <marc:subfield code="0">(DE-588)118663216</marc:subfield>
      <marc:subfield code="0">http://d-nb.info/gnd/118663216</marc:subfield>
      <marc:subfield code="0">(DE-101)118663216</marc:subfield>
      <marc:subfield code="D">p</marc:subfield>
      <marc:subfield code="a">Bilger, Margret</marc:subfield>
      <marc:subfield code="d">1904-1971</marc:subfield>
   </marc:datafield>
   <marc:datafield ind1="0" ind2="1" tag="689">
      <marc:subfield code="0">(DE-588)4037220-0</marc:subfield>
      <marc:subfield code="0">http://d-nb.info/gnd/4037220-0</marc:subfield>
      <marc:subfield code="0">(DE-101)040372200</marc:subfield>
      <marc:subfield code="D">s</marc:subfield>
      <marc:subfield code="a">Malerei</marc:subfield>
   </marc:datafield>
   <marc:datafield ind1="0" ind2="2" tag="689">
      <marc:subfield code="A">f</marc:subfield>
      <marc:subfield code="a">Ausstellung</marc:subfield>
   </marc:datafield>
   <marc:datafield ind1="0" ind2="3" tag="689">
      <marc:subfield code="A">g</marc:subfield>
      <marc:subfield code="a">Linz &lt;1998&gt;</marc:subfield>
   </marc:datafield>
   <marc:datafield ind1="0" ind2=" " tag="689">
      <marc:subfield code="5">DE-101</marc:subfield>
      <marc:subfield code="5">DE-101</marc:subfield>
   </marc:datafield>
   <marc:datafield ind1="1" ind2="0" tag="689">
      <marc:subfield code="0">(DE-588)118663216</marc:subfield>
      <marc:subfield code="0">http://d-nb.info/gnd/118663216</marc:subfield>
      <marc:subfield code="0">(DE-101)118663216</marc:subfield>
      <marc:subfield code="D">p</marc:subfield>
      <marc:subfield code="a">Bilger, Margret</marc:subfield>
      <marc:subfield code="d">1904-1971</marc:subfield>
   </marc:datafield>
   <marc:datafield ind1="1" ind2="1" tag="689">
      <marc:subfield code="0">(DE-588)4021177-0</marc:subfield>
      <marc:subfield code="0">http://d-nb.info/gnd/4021177-0</marc:subfield>
      <marc:subfield code="0">(DE-101)040211770</marc:subfield>
      <marc:subfield code="D">s</marc:subfield>
      <marc:subfield code="a">Glasmalerei</marc:subfield>
   </marc:datafield>
   <marc:datafield ind1="1" ind2="2" tag="689">
      <marc:subfield code="A">f</marc:subfield>
      <marc:subfield code="a">Werkverzeichnis</marc:subfield>
   </marc:datafield>
   <marc:datafield ind1="1" ind2=" " tag="689">
      <marc:subfield code="5">DE-101</marc:subfield>
      <marc:subfield code="5">DE-101</marc:subfield>
   </marc:datafield>
   <marc:datafield ind1="1" ind2=" " tag="700">
      <marc:subfield code="0">(DE-588)122881036</marc:subfield>
      <marc:subfield code="0">http://d-nb.info/gnd/122881036</marc:subfield>
      <marc:subfield code="0">(DE-101)122881036</marc:subfield>
      <marc:subfield code="a">Assmann, Peter</marc:subfield>
      <marc:subfield code="d">1963-</marc:subfield>
      <marc:subfield code="e">Herausgeber</marc:subfield>
      <marc:subfield code="4">edt</marc:subfield>
   </marc:datafield>
   <marc:datafield ind1="1" ind2=" " tag="700">
      <marc:subfield code="0">(DE-588)118663216</marc:subfield>
      <marc:subfield code="0">http://d-nb.info/gnd/118663216</marc:subfield>
      <marc:subfield code="0">(DE-101)118663216</marc:subfield>
      <marc:subfield code="a">Bilger, Margret</marc:subfield>
      <marc:subfield code="d">1904-1971</marc:subfield>
      <marc:subfield code="e">Illustrator</marc:subfield>
      <marc:subfield code="4">ill</marc:subfield>
   </marc:datafield>
   <marc:datafield ind1="2" ind2=" " tag="710">
      <marc:subfield code="0">(DE-588)2090680-8</marc:subfield>
      <marc:subfield code="0">http://d-nb.info/gnd/2090680-8</marc:subfield>
      <marc:subfield code="0">(DE-101)007396724</marc:subfield>
      <marc:subfield code="a">Landesgalerie Linz</marc:subfield>
      <marc:subfield code="e">Herausgebendes Organ</marc:subfield>
      <marc:subfield code="4">isb</marc:subfield>
   </marc:datafield>
   <marc:datafield ind1="2" ind2=" " tag="711">
      <marc:subfield code="0">(DE-588)2168839-4</marc:subfield>
      <marc:subfield code="0">http://d-nb.info/gnd/2168839-4</marc:subfield>
      <marc:subfield code="0">(DE-101)95298301X</marc:subfield>
      <marc:subfield code="a">Ausstellung Margret Bilger - das Malerische Werk</marc:subfield>
      <marc:subfield code="d">1997 - 1998</marc:subfield>
      <marc:subfield code="c">Linz</marc:subfield>
      <marc:subfield code="j">Herausgebendes Organ</marc:subfield>
      <marc:subfield code="4">isb</marc:subfield>
   </marc:datafield>
   <marc:datafield ind1="2" ind2=" " tag="810">
      <marc:subfield code="a">Oberösterreichisches Landesmuseum</marc:subfield>
      <marc:subfield code="4">aut</marc:subfield>
      <marc:subfield code="t">Kataloge des OÖ. Landesmuseums</marc:subfield>
      <marc:subfield code="v">N.F., Nr. 122</marc:subfield>
      <marc:subfield code="w">(DE-101)014539578</marc:subfield>
      <marc:subfield code="w">(DE-600)842481-0</marc:subfield>
      <marc:subfield code="9">49999 nf 3122</marc:subfield>
      <marc:subfield code="7">as</marc:subfield>
   </marc:datafield>
   <marc:datafield ind1=" " ind2=" " tag="850">
      <marc:subfield code="a">DE-101a</marc:subfield>
   </marc:datafield>
   <marc:datafield ind1="r" ind2=" " tag="925">
      <marc:subfield code="a">ra</marc:subfield>
   </marc:datafield>
</marc:record>
